ADVANCED CHEMISTRY OF RARE ELEMENTS (Record no. 5413)

MARC details
000 -LEADER
fixed length control field 00348nam a22001457a 4500
005 - DATE AND TIME OF LATEST TRANSACTION
control field 20170401171154.0
008 - FIXED-LENGTH DATA ELEMENTS--GENERAL INFORMATION
fixed length control field 170401b xxu||||| |||| 00| 0 eng d
020 ## - INTERNATIONAL STANDARD BOOK NUMBER
ISBN 978-81-219-4254-6
041 ## - LANGUAGE CODE
Language code of text/sound track or separate title eng
100 ## - MAIN ENTRY--AUTHOR NAME
Personal name PRAKASH, SATYA
245 ## - TITLE STATEMENT
Title ADVANCED CHEMISTRY OF RARE ELEMENTS
260 ## - PUBLICATION, DISTRIBUTION, ETC. (IMPRINT)
Name of publisher S. CHAND
Year of publication 1956
300 ## - PHYSICAL DESCRIPTION
Number of Pages 710
942 ## - ADDED ENTRY ELEMENTS (KOHA)
Koha item type Books
Holdings
Lost status Damaged status Home library Current library Shelving location Date acquired Source of acquisition Cost, normal purchase price Full call number Accession Number Koha item type
    JRU Library   SHELF-6-A 01/04/2017 PURCHESS 650.00 546 21690 Books